000 00510nam a2200181Ia 4500
001 2236
005 20260306143827.0
008 260306t2014||||xx |||||||||||||| ||spa||
041 _aESP
082 _a616.8
_bD46
100 _aDehaene, Stanislas
_eAUT
245 0 _aEl cerebro lector:
_búltimas noticias de las neurociencias sobre lectura, la enseñanza, el aprendizaje y la dislexia
260 _c2014
300 _a444 páginas :
_c23 cm.
650 _aGEN
654 _aCPS
942 _cLIB
_dJUS
_fJUS
_2ddc
_n
999 _c2236
_d2236